00631nam a22002057a 450000500170000001000130001702000220003003500130005203700160006504000120008108200200009310000220011324500540013526000500018927000520023930000260029150000510031765000330036865000240040120170124105956.0 aA-791595 c00.00a8170247535 aA-791595 bCen Lib/Ret aDPLbEN a355.825119bNAS aNashif, Taysir N. aNuclear weapons in israel /cby Taysir N. nashif  aNew Delhi bAPH Publishing Corporation c1996 bNew Delhi a5, ansai road, dariya ganj e110002 aviii, 124p.c21cm(Hb) aIncludes bibliographical references and index  aNuclear development zIsrael aWeapon development